कठगुलाब (Record no. 314394)

MARC details
000 -LEADER
fixed length control field 00585nam a2200193 4500
008 - FIXED-LENGTH DATA ELEMENTS--GENERAL INFORMATION
fixed length control field 240423b |||||||| |||| 00| 0 eng d
020 ## - ISBN
International Standard Book Number 9789357751704
Price 320.00
040 ## - CATALOGING SOURCE
Original cataloging agency VIVEKANANDA LIBRARY
082 ## - DDC NUMBER
Classification number 891.433721
Book Number GM181K(12)
100 ## - MAIN ENTRY--PERSONAL NAME
Relator code गर्ग, मृदुला
245 ## - TITLE STATEMENT
Title कठगुलाब
250 ## - EDITION STATEMENT
Edition statement बारहवाँ
260 ## - PUBLICATION, DISTRIBUTION, ETC. (IMPRINT)
Place of publication, distribution, etc नई दिल्ली
Name of publisher, distributor, etc वाणी प्रकाशन ग्रुप
Date of publication, distribution, etc 2023
300 ## - PHYSICAL DESCRIPTION
Pages 265
650 ## - Subject
Subject हिन्दी साहित्य
651 ## - SUBJECT ADDED ENTRY--GEOGRAPHIC NAME
Geographic name उपन्यास
942 ## - ADDED ENTRY ELEMENTS (KOHA)
Koha item type Hindi Books
Holdings
Withdrawn status Lost status Source of classification or shelving scheme Damaged status Not for loan Location (home branch) Sublocation or collection (holding branch) Date acquired Koha issues (times borrowed) Koha full call number Accession No. Koha date last seen Koha item type
    Dewey Decimal Classification     VIVEKANANDA LIBRARY VIVEKANANDA LIBRARY 01/07/2024 6 891.433721 GM181K(12) 408580 24/02/2026 Hindi Books
© Designed and Maintained by Vivekananda Library, MDU Rohtak